Rukku (Record no. 145867)

MARC details
000 -LEADER
fixed length control field 00752nam a2200265Ia 4500
003 - CONTROL NUMBER IDENTIFIER
control field OSt
005 - DATE AND TIME OF LATEST TRANSACTION
control field 20260114144344.0
008 - FIXED-LENGTH DATA ELEMENTS--GENERAL INFORMATION
fixed length control field 210210b2009 xxu||||| |||| 00| 0 eng d
040 ## - CATALOGING SOURCE
Transcribing agency AL
041 ## - LANGUAGE CODE
Language code of text/sound track or separate title Kannada
082 ## - DEWEY DECIMAL CLASSIFICATION NUMBER
Classification number K894.3 JANR
100 ## - MAIN ENTRY--PERSONAL NAME
Personal name JANAKI BRAHMAVARA (M)
Dates associated with a name ಜಾನಕಿ ಎಂ. ಬ್ರಹ್ಮಾವರ
9 (RLIN) 251241
245 ## - TITLE STATEMENT
Title Rukku
Remainder of title ರುಕ್ಕು
260 ## - PUBLICATION, DISTRIBUTION, ETC.
Place of publication, distribution, etc. MaisUru
Name of publisher, distributor, etc. Yadukula Prakashana
Date of publication, distribution, etc. 2009
300 ## - PHYSICAL DESCRIPTION
Extent xviii,160
650 ## - SUBJECT ADDED ENTRY--TOPICAL TERM
Topical term or geographic name entry element Tr
9 (RLIN) 251242
650 ## - SUBJECT ADDED ENTRY--TOPICAL TERM
Topical term or geographic name entry element Rukku
9 (RLIN) 251243
650 ## - SUBJECT ADDED ENTRY--TOPICAL TERM
Topical term or geographic name entry element kuDla
9 (RLIN) 251244
650 ## - SUBJECT ADDED ENTRY--TOPICAL TERM
Topical term or geographic name entry element kEshava
9 (RLIN) 251245
650 ## - SUBJECT ADDED ENTRY--TOPICAL TERM
Topical term or geographic name entry element by
9 (RLIN) 251246
690 ## - LOCAL SUBJECT ADDED ENTRY--TOPICAL TERM (OCLC, RLIN)
Topical term or geographic name as entry element Kannada Fiction
9 (RLIN) 251247
700 ## - ADDED ENTRY--PERSONAL NAME
Personal name Keshava kudla
Dates associated with a name ಕೇಶವ ಕುಡ್ಲ tr
9 (RLIN) 251248
906 ## - LOCAL DATA ELEMENT F, LDF (RLIN)
a 064692
942 ## - ADDED ENTRY ELEMENTS (KOHA)
Source of classification or shelving scheme Dewey Decimal Classification
Koha item type Book
Holdings
Withdrawn status Lost status Source of classification or shelving scheme Damaged status Not for loan Collection code Home library Current library Shelving location Date acquired Source of acquisition Cost, normal purchase price Total Checkouts Full call number Barcode Date last seen Price effective from Koha item type
    Dewey Decimal Classification     Kannada St Aloysius Library St Aloysius Library   02/17/2021 Lakshmeesha Prakashana 105.00   K894.3 JANR 064692 02/17/2021 02/17/2021 Book